01821nam a22001697a 4500999001900000008004100019100002600060245012200086260002400208300003200232520111000264650012101374773002301495906001901518942000701537952010701544 c518471d518471210924b ||||| |||| 00| 0 eng d aWalby, Sylvia 929506 aDeveloping the concept of society: Institutional domains, regimes of inequalities and complex systems in a global era aCurrent Sociology  a69(3), May, 2021: p.315-332 aThis article develops the concept of society to meet the challenge of cross-border and global processes. Global processes have made visible the inadequacy of interpreting the concept of society as if it were a nation-state, since there is a lack of congruence of institutional domains (economy, polity, civil society, violence) and regimes of inequality (class, gender, ethnicity). The article engages with two strands of intellectual heritage in sociological analysis of society as a macro concept: the differentiation of institutions and the relations of inequality. The concepts of society and societalisation are developed by hybridising these two approaches rather than selecting only one or the other. To achieve this, the concept of system is developed by drawing on complexity science. This enables the simultaneous analysis of differentiated institutional domains (economy, polity, violence, civil society) and multiple regimes of inequality without reductionism. In turn, this facilitates the fluent theorisation of variations in the temporal and spatial reach of social systems. – Reproduced  aComplex systems, Global, Institutions, Macro, Regimes, Social system, Social theory, Societalisation, Society927675 aCurrent Sociology  aSOCIAL SYSTEMS cAR 00102ddc40709392550aIIPAbIIPAd2021-09-24h69(3), May, 2021: p.315-332pAR125615r2021-09-24yAR